An introduction to poetry : (Record no. 10218)
[ view plain ]
| 000 -LEADER | |
|---|---|
| fixed length control field | 00504nam a22001817a 4500 |
| 003 - CONTROL NUMBER IDENTIFIER | |
| control field | SISC |
| 005 - DATE AND TIME OF LATEST TRANSACTION | |
| control field | 20160309082614.0 |
| 008 - FIXED-LENGTH DATA ELEMENTS--GENERAL INFORMATION | |
| fixed length control field | 130902t xxu||||| |||| 00| 0 eng d |
| 020 ## - INTERNATIONAL STANDARD BOOK NUMBER | |
| International Standard Book Number | 0321021444 |
| 050 ## - LIBRARY OF CONGRESS CALL NUMBER | |
| Classification number | PN 1042 |
| Item number | .K39 1998 |
| 082 ## - DEWEY DECIMAL CLASSIFICATION NUMBER | |
| Classification number | HS 808.1 |
| Item number | K39 1997 |
| 100 ## - MAIN ENTRY--PERSONAL NAME | |
| Personal name | Kennedy, X. J. |
| 9 (RLIN) | 13777 |
| 245 ## - TITLE STATEMENT | |
| Title | An introduction to poetry : |
| Remainder of title | an instructor's manual / |
| Statement of responsibility, etc | X. J. Kennedy |
| 260 ## - PUBLICATION, DISTRIBUTION, ETC. (IMPRINT) | |
| Place of publication, distribution, etc | New York : |
| Name of publisher, distributor, etc | Longman, |
| Date of publication, distribution, etc | c1998. |
| 300 ## - PHYSICAL DESCRIPTION | |
| Extent | 211 p., |
| Dimensions | 24 cm. |
| 942 ## - ADDED ENTRY ELEMENTS (KOHA) | |
| Source of classification or shelving scheme | Library of Congress Classification |
| Koha item type | Books |
| Withdrawn status | Lost status | Source of classification or shelving scheme | Damaged status | Home library | Current library | Shelving location | Date acquired | Total Checkouts | Total Renewals | Full call number | Barcode | Date last seen | Date checked out | Copy number | Price effective from | Koha item type |
|---|---|---|---|---|---|---|---|---|---|---|---|---|---|---|---|---|
| Library of Congress Classification | Luxembourg Library | Luxembourg Library | High School Section | 09/02/2013 | 1 | 3 | PN 1042 .K39 1998 | 8276 | 03/09/2016 | 06/10/2014 | 1 | 09/02/2013 | Books |